000 00412nam a2200145Ia 4500
005 20250623015559.0
008 240331s9999 xx 000 0 und d
082 _bMAS
_a323
100 _aMasani, M
245 0 _aVedana manava samajaya
260 _aMaharagama
_bLimited Saman Publishers
300 _a151 p .,
500 _aA book on Growing human society - ( from the tribe to the world community)
942 _cL
999 _c2491
_d2491